海老名駅から出ている行き先 - Statistics

General Stats
  • This quiz has been taken 210 times
  • The average score is 32 of 39
Answer Stats
路線 行き先 % Correct
SO、OH 新宿
98%
小田急 小田原
94%
相模線 橋本
94%
相模線 茅ケ崎
93%
相鉄 横浜
93%
小田急 相模大野
90%
小田急 箱根湯本
90%
小田急 本厚木
88%
小田急 綾瀬
87%
小田急 新百合ケ丘
87%
相鉄 池袋
87%
相鉄 川越
87%
小田急 我孫子
86%
小田急 町田
86%
小田急 北千住
86%
小田急 伊勢原
86%
相鉄 大宮
86%
小田急 北綾瀬
85%
相鉄 赤羽
85%
相鉄 渋谷
85%
小田急 新松田
83%
相鉄 新横浜
83%
相鉄 二俣川
83%
小田急 秦野
82%
相鉄 和光市
82%
小田急 成城学園前
81%
小田急 経堂
77%
相鉄 武蔵小杉
77%
相鉄 武蔵浦和
77%
相鉄 森林公園
76%
相鉄 小川町
75%
相鉄 川越市
75%
相鉄 志木
74%
相鉄 浦和美園
72%
相鉄 目黒
72%
相鉄 西高島平
71%
相鉄 高島平
67%
相鉄 赤羽岩淵
67%
相鉄 鳩ケ谷
63%
No matching quizzes found
Score Distribution
Percent of People with Each Score
Percentile by Number Answered
Your Score History
You have not taken this quiz